000 00383 a2200169 4500
001 44235
020 _a8526257382
040 _cAnchieta - Aquarius
100 _aBraz, Júlio Emílio
240 1 0 _a#Os músicos de Bremen
_lpor
245 1 0 _a#Os músicos de Bremen
300 _a23
362 0 _a2005
440 1 _aScipione
650 4 _aLiteratura infanto-juvenil
942 _cBK
999 _c44235
_d44235